00627nam a22002057a 4500003000500000005001700005008004100022010001000063011001000073020001500083035001100098040000900109082001700118100001900135245011700154260006200271300002600333650003600359700002600395CHAP20220329143546.0100528s1991 us a r 00010 eng d a98537 a99509 a0929521544 a110195 cCHAP14a378.754bW771 aWithrow, Dolly10aFrom the grove to the starsbWest Virginia State College(1891-1991)c/por Dolly Winthrow and Elizabeth H.Scobell aVirginia :bPictorial Histories Publishing Company,c1991 axiii, 202 p. :bilus.04aUniversidadesxHistoriaxE.U.A.1 aScobell, Elizabeth H.